[Event "Moscow PCA-Intel GP"]
[Site "?"]
[Date "1995.??.??"]
[Round "?"]
[White "CpTelman, J."]
[Black "Topalov, Veselin"]
[Result "1-0"]
[WhiteElo "2610"]
[BlackElo "2630"]
[PlyCount "71"]
[EventDate "1995.??.??"]
[Source "www.chesslib.no"]
[SourceDate "2004.05.04"]

1. d4 Nf6 2. c4 g6 3. Nc3 Bg7 4. e4 d6 5. Nf3 O-O 6. Be2 e5 7. d5 Nbd7 8. Bg5 h6 9. Bh4 g5 10. Bg3 Nh5 11. Nd2 Nf4 12. O-O f5 13. exf5 Nxe2+ 14. Qxe2 Nf6 15. Nde4 Bxf5 16. f3 b6 17. b4 a5 18. a3 Nh5 19. Bf2 Nf4 20. Qd2 Qe8 21. Be3 Qg6 22. g4 Bd7 23. c5 axb4 24. axb4 Rxa1 25. Rxa1 bxc5 26. bxc5 h5 27. Bxf4 exf4 28. c6 Bxg4 29. Kh1 Bh8 30. Nxg5 Re8 31. Ra3 Qc2 32. Na4 Qd3 33. Qc2 Re7 34. Nc5 Qc3 35. Ra5 Re6 36. Qh7+ 1-0

[Event "Moscow 5'"]
[Site "Moscow RUS"]
[Date "1971.??.??"]
[Round "?"]
[White "Petrosian, Tigran V"]
[Black "Balashov, Yuri S"]
[Result "1-0"]
[WhiteElo "2640"]
[BlackElo "2570"]
[PlyCount "57"]
[EventDate "1971.??.??"]
[Source "www.chesslib.no"]
[SourceDate "2004.05.04"]

1. d4 Nf6 2. Nf3 g6 3. c4 d6 4. Nc3 Bg7 5. e4 O-O 6. Be2 e5 7. d5 a5 8. Qc2 Na6 9. Bg5 h6 10. Be3 Nc5 11. Nd2 Ne8 12. O-O Bd7 13. b3 f5 14. exf5 gxf5 15. f3 Qf6 16. Rae1 Kh8 17. Kh1 Rg8 18. f4 Qg6 19. g3 b6 20. Nf3 Bf6 21. Qd2 Ne4 22. Nxe4 fxe4 23. fxe5 exf3 24. Bd3 Qh5 25. exf6 Bh3 26. Bd4 Rxg3 27. Qf4 Bg2+ 28. Kg1 Bxf1+ 29. Qxg3 1-0

[Event "Moscow RUS"]
[Site "?"]
[Date "2002.??.??"]
[Round "2"]
[White "Kharitonov Andrei Y"]
[Black "Khruschiov Alexey"]
[Result "1/2-1/2"]
[WhiteElo "2546"]
[BlackElo "2546"]
[PlyCount "83"]
[EventDate "2002.??.??"]
[Source "www.chesslib.no"]
[SourceDate "2004.05.04"]

1. Nf3 Nf6 2. c4 g6 3. Nc3 Bg7 4. e4 O-O 5. d4 d6 6. Be2 e5 7. d5 Nbd7 8. Bg5 h6 9. Bh4 g5 10. Bg3 Nh5 11. Nd2 Nf4 12. O-O f5 13. exf5 Nxe2+ 14. Qxe2 Nf6 15. Nde4 Bxf5 16. f3 Qe8 17. c5 Qg6 18. cxd6 cxd6 19. Rfc1 Rad8 20. Nxf6+ Bxf6 21. Ne4 Rd7 22. Nxf6+ Qxf6 23. Qe3 a6 24. Rc4 Qd8 25. Qd2 Rdf7 26. Rac1 h5 27. h4 Rg7 28. hxg5 Qxg5 29. Qxg5 Rxg5 30. Kh2 Rf7 31. Bh4 Rg6 32. a3 Rfg7 33. g3 Rf7 34. Kg2 Bd3 35. Rc8+ Kh7 36. Re8 Be2 37. Rc3 Rg8 38. Re7 Rgf8 39. Kf2 Bd1 40. Ke1 Rxe7 41. Bxe7 Rf7 42. Bxd6 1/2-1/2

[Event "New York, NY USA"]
[Site "New York, NY USA"]
[Date "1984.??.??"]
[Round "?"]
[White "Gheorghiu, Florin"]
[Black "Kavalek, Lubomir"]
[Result "1/2-1/2"]
[WhiteElo "2505"]
[BlackElo "2565"]
[PlyCount "47"]
[EventDate "1984.??.??"]
[Source "www.chesslib.no"]
[SourceDate "2004.05.04"]

1. d4 Nf6 2. c4 d6 3. Nc3 Nbd7 4. e4 e5 5. Nf3 g6 6. Be2 Bg7 7. Be3 O-O 8. d5 Ng4 9. Bg5 f6 10. Bh4 Nh6 11. Nd2 g5 12. Bg3 f5 13. exf5 Nf6 14. Nde4 Nxe4 15. Nxe4 Bxf5 16. Bd3 c6 17. O-O cxd5 18. cxd5 Bg6 19. f3 g4 20. fxg4 Rxf1+ 21. Qxf1 Nxg4 22. Qe2 Qb6+ 23. Bf2 Nxf2 24. Qxf2 1/2-1/2

[Event "10. Boris Kostic mem"]
[Site "?"]
[Date "1983.09.??"]
[Round "3"]
[White "Djuric Stefan"]
[Black "Smejkal Jan"]
[Result "1/2-1/2"]
[WhiteElo "2500"]
[BlackElo "2560"]
[PlyCount "107"]
[EventDate "1983.??.??"]
[Source "www.chesslib.no"]
[SourceDate "2004.05.04"]

1. e4 g6 2. d4 Bg7 3. c4 d6 4. Nc3 Nf6 5. Nf3 O-O 6. Be2 e5 7. Be3 Nbd7 8. d5 Ng4 9. Bg5 f6 10. Bh4 Nh6 11. Nd2 Nf7 12. b4 a5 13. a3 h5 14. h3 c6 15. Nb3 axb4 16. axb4 Rxa1 17. Qxa1 cxd5 18. cxd5 Qb6 19. Qa5 Qxa5 20. Nxa5 g5 21. Bg3 h4 22. Bh2 f5 23. f3 Nf6 24. Kd2 fxe4 25. fxe4 g4 26. hxg4 Ng5 27. Kd3 Bxg4 28. Re1 Rf7 29. Bg1 Bxe2+ 30. Rxe2 Nh5 31. Kc2 Nf4 32. Rd2 Rc7 33. Bc5 dxc5 34. d6 Rd7 35. bxc5 Nfe6 36. Rd5 Nd8 37. Kb3 Nge6 38. Kc4 Nc6 39. Kb5 Ned4+ 40. Kb6 Nxa5 41. Kxa5 Bf6 42. Kb6 Kf7 43. Ka7 b5+ 44. Kb8 b4 45. Na4 b3 46. Nb2 Ke8 47. Nc4 Rd8+ 48. Kc7 Rd7+ 49. Kc8 Nc6 50. Rd1 Na7+ 51. Kb8 Nc6+ 52. Kc8 Ra7 53. d7+ Ke7 54. Nb6 1/2-1/2

[Event "Jugoslavija"]
[Site "?"]
[Date "1988.??.??"]
[Round "?"]
[White "Sokolov, I."]
[Black "Damljanovic, B."]
[Result "1/2-1/2"]
[WhiteElo "2535"]
[BlackElo "2525"]
[PlyCount "82"]
[EventDate "1988.??.??"]
[Source "ChessBase"]
[SourceDate "1988.01.01"]

1. d4 Nf6 2. c4 g6 3. Nc3 Bg7 4. e4 d6 5. Be2 O-O 6. Nf3 e5 7. Be3 Ng4 8. Bg5 f6 9. Bh4 Nd7 10. d5 a5 11. Nd2 Nh6 12. f3 Nf7 13. Qc2 Bh6 14. Bf2 Nc5 15. O-O f5 16. b3 b6 17. Rab1 Bf4 18. Rfe1 Ng5 19. h4 fxe4 20. Bxc5 e3 21. Nf1 Nh3+ 22. gxh3 bxc5 23. Bd3 Qxh4 24. Nxe3 Bxh3 25. Ne4 Bg3 26. Nxg3 Qxg3+ 27. Ng2 Rxf3 28. Be4 Rc3 29. Qd2 Bxg2 30. Bxg2 Rf8 31. Rf1 Rf4 32. Rxf4 exf4 33. Qe1 Re3 34. Qxg3 fxg3 35. Kf1 Kg7 36. Re1 Rxe1+ 37. Kxe1 h5 38. Ke2 g5 39. Kf3 h4 40. Kg4 Kg6 41. Bf1 Kh6 1/2-1/2

[Event "It (cat.10)"]
[Site "Teesside ENG"]
[Date "1972.??.??"]
[Round "10"]
[White "Gligoric, Svetozar"]
[Black "Tringov, Georgi P"]
[Result "1/2-1/2"]
[WhiteElo "2575"]
[BlackElo "2460"]
[PlyCount "34"]
[EventDate "1972.??.??"]
[Source "www.chesslib.no"]
[SourceDate "2004.05.04"]

1. d4 Nf6 2. c4 g6 3. Nc3 Bg7 4. e4 d6 5. Be2 O-O 6. Nf3 e5 7. d5 Nbd7 8. Qc2 a5 9. Bg5 h6 10. Bh4 Nc5 11. Nd2 g5 12. Bg3 Nfxe4 13. Ndxe4 Nxe4 14. Nxe4 f5 15. f3 fxe4 16. fxe4 b6 17. Bf2 g4 1/2-1/2

[Event "op2"]
[Site "St Petersburg op2"]
[Date "1994.??.??"]
[Round "6"]
[White "Zvjaginsev, Vadim"]
[Black "Shchekachev, Andrei"]
[Result "1/2-1/2"]
[WhiteElo "2545"]
[BlackElo "2470"]
[PlyCount "37"]
[EventDate "1994.??.??"]
[Source "www.chesslib.no"]
[SourceDate "2004.05.04"]

1. d4 g6 2. c4 Nf6 3. Nc3 Bg7 4. e4 d6 5. Be2 O-O 6. Nf3 e5 7. d5 Nbd7 8. Be3 Ng4 9. Bg5 Nb8 10. Bd2 a5 11. Nd4 Nh6 12. Bf1 Bd7 13. f4 f6 14. b4 Na6 15. Nc6 Be6 16. Kf2 Nf7 17. Bc1 bxc6 18. b5 cxd5 19. Qg4 1/2-1/2

[Event "Quebec Open"]
[Site "Quebec CAN"]
[Date "1983.??.??"]
[Round "5"]
[White "Djuric, Stefan"]
[Black "Spraggett, Kevin B"]
[Result "0-1"]
[WhiteElo "2515"]
[BlackElo "2495"]
[PlyCount "70"]
[EventDate "1983.??.??"]
[Source "www.chesslib.no"]
[SourceDate "2004.05.04"]

1. d4 Nf6 2. c4 g6 3. Nc3 Bg7 4. e4 d6 5. Be2 O-O 6. Nf3 e5 7. d5 Nbd7 8. Qc2 a5 9. Bg5 h6 10. Be3 Nc5 11. Nd2 Bg4 12. f3 Bd7 13. g4 c6 14. h4 cxd5 15. cxd5 Rc8 16. Nc4 Ne8 17. Na3 f5 18. gxf5 gxf5 19. Nab5 Qe7 20. O-O-O Nf6 21. Rhg1 Kh8 22. exf5 Nh5 23. Qd2 Nf4 24. Bxf4 exf4 25. Qxf4 Bxf5 26. Nxd6 Qxe2 27. Qxf5 Qe3+ 28. Kb1 Rxf5 29. Nxf5 Qxf3 30. Nxg7 Nd3 31. d6 Qf2 32. Na4 b5 33. d7 Qc2+ 34. Ka1 Rd8 35. Ne6 bxa4 0-1

[Event "Dresden ZMD op"]
[Site "?"]
[Date "2002.??.??"]
[Round "8"]
[White "Rahman Ziaur"]
[Black "Lanka Zigurds"]
[Result "1/2-1/2"]
[WhiteElo "2515"]
[BlackElo "2495"]
[PlyCount "49"]
[EventDate "2002.??.??"]
[Source "www.chesslib.no"]
[SourceDate "2004.05.04"]

1. Nf3 Nf6 2. c4 g6 3. Nc3 Bg7 4. e4 d6 5. d4 O-O 6. Be2 e5 7. d5 Nbd7 8. Bg5 h6 9. Bh4 g5 10. Bg3 Nh5 11. h4 g4 12. Nh2 f5 13. exf5 Nxg3 14. fxg3 h5 15. O-O Nc5 16. f6 Rxf6 17. b4 Rxf1+ 18. Nxf1 e4 19. Rc1 Nd3 20. Bxd3 exd3 21. Qxd3 Qf6 22. Ne2 Bf5 23. Qe3 a5 24. b5 Rf8 25. Nf4 1/2-1/2

[Event "JUG Team Ch"]
[Site "Igalo"]
[Date "1994.??.??"]
[Round "8"]
[White "Simic, Radoslav"]
[Black "Todorcevic, Miodrag"]
[Result "1/2-1/2"]
[WhiteElo "2495"]
[BlackElo "2505"]
[PlyCount "126"]
[EventDate "1994.??.??"]
[Source "www.chesslib.no"]
[SourceDate "2004.05.04"]

1. Nf3 g6 2. d4 Bg7 3. c4 d6 4. Nc3 Nd7 5. e4 e5 6. Be2 Ngf6 7. d5 O-O 8. Bg5 h6 9. Bh4 a6 10. Nd2 c5 11. O-O h5 12. Bg5 Qe8 13. Rb1 b6 14. b4 Nh7 15. Be3 f5 16. exf5 gxf5 17. Bxh5 Qe7 18. bxc5 bxc5 19. Nb3 Qh4 20. g3 Qh3 21. Bf3 Nhf6 22. Bg2 Qh7 23. Bg5 e4 24. h3 Ne5 25. Na5 f4 26. h4 f3 27. Bh1 Nfg4 28. Qd2 Nd3 29. Nc6 Ndxf2 30. Rxf2 Nxf2 31. Kxf2 Bxc3 32. Qxc3 e3+ 33. Bxe3 Qxb1 34. Ne7+ Kh7 35. Bxf3 Bh3 36. Bf4 Rae8 37. Be2 Bf5 38. Nxf5 Rxe2+ 39. Kxe2 Qxf5 40. Qd3 Re8+ 41. Kd2 Re4 42. Kc3 Kg8 43. h5 Kh8 44. a3 Qf6+ 45. Kb3 Rd4 46. Qg6 Qxg6 47. hxg6 Rd3+ 48. Kb2 Kg7 49. Bxd6 Kxg6 50. Bxc5 Rxg3 51. Bd6 Rh3 52. c5 Kf7 53. c6 Ke8 54. Bc7 Rd3 55. d6 Kf7 56. Kc2 Rd5 57. Kb3 Ke6 58. d7 Rxd7 59. cxd7 Kxd7 60. Bf4 Kc6 61. Kb4 a5+ 62. Kxa5 Kb7 63. Kb5 Ka8 1/2-1/2

[Event "Geneve"]
[Site "?"]
[Date "1993.??.??"]
[Round "?"]
[White "Gurevich, D."]
[Black "Golubev, M."]
[Result "1/2-1/2"]
[WhiteElo "2495"]
[BlackElo "2490"]
[PlyCount "103"]
[EventDate "1993.??.??"]
[Source "ChessBase"]
[SourceDate "1993.02.01"]

1. d4 Nf6 2. c4 g6 3. Nc3 Bg7 4. e4 d6 5. Be2 O-O 6. Nf3 e5 7. d5 Nbd7 8. Be3 Nc5 9. Nd2 a5 10. a3 Ne8 11. O-O f5 12. f3 a4 13. b4 axb3 14. Nxb3 Nxb3 15. Qxb3 b6 16. a4 f4 17. Bd2 h5 18. a5 bxa5 19. Nd1 a4 20. Rxa4 Rxa4 21. Qxa4 g5 22. Nf2 Nf6 23. h3 Bd7 24. Qa3 Qa8 25. Qa5 Qxa5 26. Bxa5 Rc8 27. Rd1 c5 28. dxc6 Rxc6 29. Nd3 Rxc4 30. Nxe5 Rc5 31. Nxd7 Rxa5 32. Bc4+ Kh8 33. Rxd6 Nxd7 34. Rxd7 Be5 35. Be6 Rc5 36. Bf5 Rc1+ 37. Kf2 Rc2+ 38. Kf1 Rc1+ 39. Ke2 Rc2+ 40. Kd3 Rxg2 41. Kc4 Bb2 42. Rh7+ Kg8 43. Rxh5 Bf6 44. Rh6 Kf7 45. Rh7+ Bg7 46. e5 Rb2 47. e6+ Kf6 48. Be4 Rb8 49. Kd5 Rd8+ 50. Kc6 Bf8 51. Rd7 Be7 52. Rxd8 1/2-1/2

[Event "Beograd"]
[Site "?"]
[Date "1988.??.??"]
[Round "?"]
[White "Ivkov, B."]
[Black "Gufeld, E."]
[Result "1/2-1/2"]
[WhiteElo "2470"]
[BlackElo "2510"]
[PlyCount "94"]
[EventDate "1988.??.??"]
[Source "ChessBase"]
[SourceDate "1988.07.01"]

1. Nf3 Nf6 2. d4 g6 3. c4 Bg7 4. Nc3 O-O 5. e4 d6 6. Be2 e5 7. d5 Nbd7 8. Bg5 h6 9. Bh4 g5 10. Bg3 Nh5 11. h4 g4 12. Nh2 Nxg3 13. fxg3 h5 14. O-O Bh6 15. Bxg4 hxg4 16. Nxg4 Bg7 17. Ne3 c6 18. Nf5 Nf6 19. g4 cxd5 20. g5 Nxe4 21. Nxd5 Bxf5 22. Rxf5 Rc8 23. Qe2 Ng3 24. Qg4 Rxc4 25. Qxg3 Rd4 26. Nf6+ Kh8 27. Raf1 Qb6 28. Nd7 Rg4+ 29. Nxb6 Rxg3 30. Nd7 Rc8 31. Rxf7 Rg4 32. Nf6 Rxh4 33. Rxb7 a5 34. g3 Rb4 35. Ra7 Rxb2 36. Rf2 Rxf2 37. Kxf2 Bxf6 38. gxf6 Rf8 39. Rxa5 Rxf6+ 40. Ke3 Kg7 41. a4 Kg6 42. Ke4 Rf1 43. Rd5 Re1+ 44. Kf3 Kf5 45. Rxd6 Rf1+ 46. Kg2 Ra1 47. Ra6 Ra2+ 1/2-1/2

[Event "Sydney op"]
[Site "Sydney"]
[Date "1992.??.??"]
[Round "8"]
[White "Rogers, Ian"]
[Black "West, Guy"]
[Result "1-0"]
[WhiteElo "2565"]
[BlackElo "2410"]
[PlyCount "105"]
[EventDate "1992.12.??"]
[Source "ChessBase"]

1. d4 d6 2. Nf3 g6 3. c4 Bg7 4. Nc3 Nf6 5. e4 O-O 6. Be2 Nbd7 7. Bg5 h6 8. Bh4 e5 9. d5 g5 10. Bg3 Nh5 11. h4 Nxg3 12. fxg3 g4 13. Nh2 h5 14. O-O Nf6 15. Qd2 Ne8 16. Bd3 Kh7 17. Nd1 Bh6 18. Ne3 Ng7 19. Rf2 f6 20. Nhf1 c6 21. Qe2 Qb6 22. Kh1 Bd7 23. Rd1 Rf7 24. Bb1 c5 25. b3 a5 26. Bc2 Kg8 27. Rb1 Qb4 28. Bd3 Raf8 29. Qc2 Qb6 30. a3 Bc8 31. Kh2 Kh8 32. Rb2 Qa7 33. Qb1 Kg8 34. Qe1 Rc7 35. Nd2 a4 36. Nb1 axb3 37. Nc3 Qa5 38. Rxb3 Rcf7 39. Rf1 Qd8 40. Nf5 Nxf5 41. exf5 Re8 42. Ne4 b6 43. Qb1 Rb7 44. a4 Kf7 45. a5 Ree7 46. Rxb6 Red7 47. Nxd6+ Rxd6 48. Rxb7+ Bxb7 49. Qxb7+ Rd7 50. Qc6 e4 51. Bxe4 Be3 52. Rb1 Bf2 53. a6 1-0

[Event "Extraliga 2004/05"]
[Site "?"]
[Date "2004.11.06"]
[Round "1"]
[White "Cvek Robert"]
[Black "Mista Aleksander"]
[Result "1/2-1/2"]
[WhiteElo "2487"]
[BlackElo "2487"]
[PlyCount "107"]
[EventDate "2004.??.??"]
[Source "www.chesslib.no"]
[SourceDate "2004.05.04"]

1. Nf3 g6 2. c4 Bg7 3. d4 d6 4. Nc3 Nf6 5. e4 O-O 6. Be2 Nbd7 7. Bg5 h6 8. Bh4 e5 9. d5 g5 10. Bg3 Nh5 11. O-O Nf4 12. Ne1 f5 13. exf5 Nc5 14. Nd3 Nfxd3 15. Bxd3 Nxd3 16. Qxd3 Bxf5 17. Qe3 g4 18. f3 gxf3 19. Rxf3 Qd7 20. Raf1 a6 21. Ne4 Rf7 22. Bh4 Raf8 23. h3 c6 24. Qd3 Bg6 25. b3 Rf4 26. Rxf4 exf4 27. Qf3 cxd5 28. cxd5 Be5 29. Re1 Qf5 30. Nf2 Bh5 31. Qd3 Bg6 32. Qf3 Kh7 33. Rc1 Rf7 34. Qg4 Bd4 35. Qxf5 Bxf5 36. Kf1 Bd7 37. Ke2 Rg7 38. Kf3 Be8 39. Ng4 Bf7 40. Kxf4 Bxd5 41. Rd1 Be5+ 42. Nxe5 dxe5+ 43. Kxe5 Bxg2 44. Bf6 Rc7 45. h4 Kg6 46. Bd8 Rc5+ 47. Kd6 Rc2 48. a4 Kf5 49. a5 Bf3 50. Rd4 Rc6+ 51. Ke7 Ke5 52. Rb4 Bd5 53. Rb6 Rxb6 54. Bxb6 1/2-1/2

[Event "RUS-Cup03 (Geller mem)"]
[Site "Moscow"]
[Date "1999.02.14"]
[Round "5"]
[White "Frog, Ilya"]
[Black "Voitsekhovsky, Stanislav"]
[Result "1/2-1/2"]
[WhiteElo "2415"]
[BlackElo "2558"]
[PlyCount "137"]
[EventDate "1999.02.10"]
[Source "ChessBase"]
[SourceDate "1999.06.08"]

1. d4 Nf6 2. c4 g6 3. Nc3 Bg7 4. e4 d6 5. Nf3 O-O 6. Be3 Nbd7 7. Be2 e5 8. d5 Ng4 9. Bg5 f6 10. Bh4 h5 11. Nd2 Nh6 12. h3 a5 13. g4 hxg4 14. hxg4 Nf7 15. Qc2 Bh6 16. f3 Nc5 17. Bf2 Bd7 18. O-O-O a4 19. Kb1 Kg7 20. Rdg1 Rh8 21. Nf1 Bf4 22. Ng3 Qe7 23. Bd1 Ng5 24. Rf1 Nh3 25. Bxc5 dxc5 26. Qg2 Ng5 27. Rxh8 Rxh8 28. Rh1 Qe8 29. Nf1 a3 30. Rxh8 Qxh8 31. Ne2 Qh4 32. Nxf4 exf4 33. bxa3 Qe1 34. Qe2 Qc3 35. Nd2 Nf7 36. Nb3 Ba4 37. Nxc5 Bxd1 38. Qxd1 Ne5 39. Ne6+ Kf7 40. Qd4 Qe1+ 41. Kc2 Qe2+ 42. Qd2 Qxf3 43. Qh2 Qd3+ 44. Kc1 Qxc4+ 45. Kd1 Qf1+ 46. Kc2 Qd3+ 47. Kc1 Qxa3+ 48. Kd1 Qa4+ 49. Qc2 Qxc2+ 50. Kxc2 Ke7 51. Nxf4 g5 52. Ne6 Kd6 53. Kc3 b6 54. Kd4 c5+ 55. Kc3 Nxg4 56. Ng7 Nf2 57. Nf5+ Ke5 58. Ng3 b5 59. Kb3 Ng4 60. a4 bxa4+ 61. Kxa4 Kd4 62. Nh5 Ne5 63. Nxf6 g4 64. d6 g3 65. Nd5 g2 66. Nf4 g1=N 67. Ne6+ Kxe4 68. Nf8 Ngf3 69. d7 1/2-1/2

[Event "JUG-ch Podgorica"]
[Site "Podgorica"]
[Date "1996.??.??"]
[Round "4"]
[White "Arsovic, Zoran"]
[Black "Damljanovic, Branko"]
[Result "1-0"]
[WhiteElo "2460"]
[BlackElo "2510"]
[PlyCount "95"]
[EventDate "1996.02.??"]
[Source "ChessBase"]

1. Nf3 Nf6 2. c4 g6 3. Nc3 Bg7 4. e4 d6 5. d4 O-O 6. Be3 Nbd7 7. Be2 e5 8. d5 Ng4 9. Bg5 f6 10. Bh4 Nh6 11. Nd2 Nf7 12. b4 Bh6 13. Nb3 Ng5 14. O-O f5 15. Kh1 Nf6 16. f3 Qd7 17. Qc2 Nh5 18. exf5 gxf5 19. g3 Qf7 20. c5 Nf6 21. Na5 Kh8 22. Nc4 Ne8 23. Rae1 f4 24. g4 Bd7 25. Ne4 Nxe4 26. Qxe4 Qg7 27. Bd3 Rf7 28. b5 Bg5 29. Bxg5 Qxg5 30. Rb1 b6 31. cxd6 cxd6 32. Rbc1 Rd8 33. Qe1 Bc8 34. Nd2 Bb7 35. Ne4 Qg7 36. Qh4 Rdd7 37. Ng5 Rf6 38. Ne6 Qh6 39. Qxh6 Rxh6 40. g5 Rh4 41. Be4 Re7 42. Nd8 Kg7 43. Nxb7 Rxb7 44. Rc8 Re7 45. Rg1 Rh5 46. a4 Rh4 47. Rg2 Rh5 48. Rg4 1-0

[Event "It (Open) Baku AZE"]
[Site "?"]
[Date "2005.10.26"]
[Round "3"]
[White "Safin Shukhrat"]
[Black "Mamedov Rauf"]
[Result "1-0"]
[WhiteElo "2445"]
[BlackElo "2521"]
[PlyCount "101"]
[EventDate "2005.??.??"]
[Source "www.chesslib.no"]
[SourceDate "2004.05.04"]

1. d4 Nf6 2. c4 d6 3. Nf3 Nbd7 4. Nc3 e5 5. e4 g6 6. Bg5 Bg7 7. d5 O-O 8. Be2 h6 9. Bh4 g5 10. Bg3 Nh5 11. h4 Nf4 12. hxg5 hxg5 13. Qc2 f5 14. Bxf4 exf4 15. exf5 Nc5 16. Nd4 Qf6 17. O-O-O Bxf5 18. Nxf5 Qxf5 19. Qxf5 Rxf5 20. Bg4 Rf7 21. Be6 Nxe6 22. dxe6 Rf5 23. Nd5 Re8 24. Nxc7 Re7 25. Rhe1 Re5 26. Rxe5 Bxe5 27. Nb5 Rxe6 28. Nxa7 g4 29. Nb5 Rh6 30. f3 gxf3 31. gxf3 Kg7 32. Kc2 Kf7 33. Nc3 Rh2+ 34. Rd2 Rh3 35. Rd3 Rh2+ 36. Kb3 Rf2 37. a4 Rg2 38. a5 Ke6 39. Ka3 Rc2 40. Kb3 Rg2 41. Na4 Kd7 42. Ka3 Rg1 43. Kb4 Kc6 44. Nc3 Re1 45. b3 Bf6 46. Nd5 Bg5 47. Kc3 Bh6 48. b4 Rb1 49. Kc2 Ra1 50. Nc3 Bg7 51. Nd5 1-0

[Event "Moscow RUS"]
[Site "?"]
[Date "2000.??.??"]
[Round "4"]
[White "Baikov Vladimir A"]
[Black "Voitsekhovsky Stanislav"]
[Result "0-1"]
[WhiteElo "2412"]
[BlackElo "2546"]
[PlyCount "70"]
[EventDate "2000.??.??"]
[Source "www.chesslib.no"]
[SourceDate "2004.05.04"]

1. d4 Nf6 2. c4 g6 3. Nc3 Bg7 4. e4 d6 5. Nf3 O-O 6. Be2 e5 7. Be3 Ng4 8. Bg5 f6 9. Bh4 Nd7 10. d5 Nh6 11. Nd2 Nf7 12. b4 Bh6 13. O-O a5 14. bxa5 Rxa5 15. Nb3 Ra8 16. a4 Bg5 17. Bxg5 fxg5 18. Bg4 h5 19. Be6 Nf6 20. c5 Kg7 21. a5 g4 22. Bxf7 Rxf7 23. f4 gxf3 24. Qxf3 Bd7 25. h3 Qe7 26. Qe3 Raf8 27. cxd6 cxd6 28. Nd2 h4 29. Rab1 Bc8 30. Nb5 Nh5 31. Rxf7+ Rxf7 32. Na7 Qd8 33. Nxc8 Qxc8 34. Nf3 Nf4 35. Rc1 Qxc1+ 0-1

[Event "JUG-ch Podgorica"]
[Site "Podgorica"]
[Date "1996.??.??"]
[Round "8"]
[White "Arsovic, Zoran"]
[Black "Mozetic, Dejan"]
[Result "1-0"]
[WhiteElo "2460"]
[BlackElo "2495"]
[PlyCount "81"]
[EventDate "1996.02.??"]
[Source "ChessBase"]

1. Nf3 Nf6 2. c4 g6 3. Nc3 Bg7 4. e4 d6 5. d4 O-O 6. Be3 e5 7. Be2 Ng4 8. Bg5 f6 9. Bh4 Nd7 10. d5 Nh6 11. Nd2 g5 12. Bg3 f5 13. exf5 Nf6 14. Nde4 Nxe4 15. Nxe4 Bxf5 16. Bd3 g4 17. O-O Bxe4 18. Bxe4 Qg5 19. Qd3 Nf5 20. Rac1 Rf7 21. Bxf5 Rxf5 22. c5 Raf8 23. cxd6 cxd6 24. Rc4 h5 25. Qe2 Kh8 26. a4 Qf6 27. h3 gxh3 28. gxh3 Bh6 29. Kh2 Rf3 30. Rg1 Qf7 31. Qe4 Bg5 32. Rg2 Bd8 33. Rc8 Rf5 34. Qb4 Qd7 35. Rb8 b6 36. Qd2 Kh7 37. Qc2 R8f7 38. h4 Kh6 39. Rc8 Bc7 40. Rh8+ Rh7 41. Qc1+ 1-0

[Event "Santa Cruz de la Palma Open"]
[Site "Santa Cruz"]
[Date "1995.??.??"]
[Round "?"]
[White "Nedobora, Mikhail"]
[Black "Todorcevic, Miodrag"]
[Result "0-1"]
[WhiteElo "2480"]
[BlackElo "2460"]
[PlyCount "92"]
[EventDate "1995.07.??"]
[Source "www.chesslib.no"]
[SourceDate "2004.05.04"]

1. d4 g6 2. Nf3 Bg7 3. e4 d6 4. c4 Nd7 5. Nc3 e5 6. Be2 Ngf6 7. d5 O-O 8. Bg5 h6 9. Bh4 a6 10. Nd2 Qe8 11. b4 Nh7 12. a4 Bf6 13. Bxf6 Nhxf6 14. Nb3 Qe7 15. Qd2 Kg7 16. O-O Nh7 17. Kh1 Qh4 18. c5 f5 19. g3 Qh3 20. exf5 Ndf6 21. f3 Bxf5 22. Rg1 Ng5 23. Qe3 Bc2 24. Nd2 e4 25. f4 Nf7 26. Qd4 Rae8 27. g4 g5 28. fxg5 Nxg5 29. Rg3 Qh4 30. cxd6 cxd6 31. Nc4 e3 32. Nxd6 Rd8 33. Qxe3 Rxd6 34. Qe7+ Nf7 35. g5 hxg5 36. Rag1 Nh7 37. Rf1 Rf6 38. Rfg1 Rf2 39. h3 Bg6 40. Bg4 Nf6 41. Qe3 Rf4 42. Be6 Re8 43. Qb6 Rxb4 44. Qc7 Rc4 45. Qxb7 Ne4 46. Rf3 Rxc3 0-1

[Event "Novosibirsk (Russia)"]
[Site "?"]
[Date "2002.??.??"]
[Round "6"]
[White "Akselrod Vladislav"]
[Black "Shomoev Anton"]
[Result "0-1"]
[WhiteElo "2396"]
[BlackElo "2541"]
[PlyCount "66"]
[EventDate "2002.??.??"]
[Source "www.chesslib.no"]
[SourceDate "2004.05.04"]

1. d4 Nf6 2. Nf3 d6 3. Bg5 Nbd7 4. c4 g6 5. Nc3 Bg7 6. e4 e5 7. d5 h6 8. Bh4 O-O 9. Be2 g5 10. Bg3 Nh5 11. h4 g4 12. Nh2 f5 13. exf5 Nxg3 14. fxg3 h5 15. O-O Nc5 16. b4 e4 17. bxc5 Bxc3 18. Rc1 Bg7 19. c6 b6 20. Nxg4 hxg4 21. Bxg4 Qf6 22. Kh2 Qe5 23. Rc2 Bxf5 24. Rcf2 Bg6 25. Be6+ Kh8 26. Qg4 Rxf2 27. Rxf2 e3 28. Rf1 e2 29. Re1 Bh5 30. Qh3 Qe4 31. g4 Be5+ 32. g3 Bc3 33. Bf5 Qf3 0-1

[Event "Belorechensk RUS"]
[Site "?"]
[Date "2005.06.??"]
[Round "?"]
[White "Tunik Gennady"]
[Black "Petrushin Alexander I"]
[Result "1/2-1/2"]
[WhiteElo "2457"]
[BlackElo "2476"]
[PlyCount "118"]
[EventDate "2005.??.??"]
[Source "www.chesslib.no"]
[SourceDate "2004.05.04"]

1. d4 Nf6 2. c4 g6 3. Nc3 Bg7 4. e4 d6 5. Nf3 O-O 6. Be2 e5 7. Be3 Nbd7 8. d5 Ng4 9. Bg5 f6 10. Bh4 Nh6 11. Nd2 Nf7 12. b4 Bh6 13. Nb3 Ng5 14. Bxg5 Bxg5 15. h4 Bh6 16. h5 Kg7 17. Qd3 a6 18. hxg6 hxg6 19. g4 Rh8 20. Kd1 a5 21. bxa5 Nc5 22. Qf3 c6 23. Kc2 Nxb3 24. axb3 Rxa5 25. dxc6 bxc6 26. Qd3 Be6 27. Rxa5 Qxa5 28. g5 Bxg5 29. Rxh8 Kxh8 30. Qxd6 Qa1 31. Qd1 Qa7 32. Qd6 Bf7 33. b4 Qxf2 34. Qxc6 Qd4 35. Bd3 Qe3 36. Qd7 Kg7 37. Kb3 Qd2 38. Qh3 Be3 39. Qf1 Bd4 40. Na4 Be6 41. Qe2 Qf4 42. b5 Bg4 43. Qc2 Qe3 44. Nc3 Qe1 45. Kb4 Qg1 46. Qb1 Qe3 47. Qc2 g5 48. Na4 Qe1+ 49. Nc3 Qg1 50. Na4 Bd1 51. Qc1 Be3 52. Qb1 g4 53. c5 Qe1+ 54. Kc4 g3 55. b6 g2 56. b7 g1=Q 57. b8=Q Bh5 58. Q1b7+ Bf7+ 59. Kb5 Qa1 1/2-1/2

[Event "Memorial Najdorf - Open"]
[Site "Varsavia POL"]
[Date "2008.08.09"]
[Round "8"]
[White "Dziuba, M."]
[Black "Deszczynski, A."]
[Result "1-0"]
[WhiteElo "2570"]
[BlackElo "2357"]
[PlyCount "87"]
[EventDate "2008.08.02"]
[Source "www.chesslib.no"]
[SourceDate "2004.05.04"]

1. d4 Nf6 2. c4 d6 3. Nc3 Nbd7 4. e4 e5 5. Nf3 g6 6. Be2 Bg7 7. Be3 O-O 8. d5 Ng4 9. Bg5 f6 10. Bh4 a5 11. Nd2 Nh6 12. f3 Nc5 13. b3 Nf7 14. O-O Bh6 15. Rb1 Bg5 16. Bf2 f5 17. a3 fxe4 18. fxe4 Bh4 19. b4 Bxf2+ 20. Rxf2 axb4 21. axb4 Nd7 22. Nb3 Ng5 23. Rxf8+ Qxf8 24. Qd3 Nf6 25. Rf1 Qe7 26. Na5 Bd7 27. Qe3 Ng4 28. Bxg4 Bxg4 29. Nxb7 Ra3 30. Qc1 Rxc3 31. Qxc3 Nxe4 32. Qe3 Ng5 33. Na5 Bd7 34. b5 Kg7 35. Qa7 e4 36. Qxc7 Kh6 37. Qb8 Nf3+ 38. Kh1 e3 39. gxf3 Bh3 40. Nc6 e2 41. Rg1 Qf6 42. Nd4 Qxd4 43. Qf8+ Kh5 44. Qe7 1-0

[Event "AUT-ch"]
[Site "Frohnleiten"]
[Date "2000.??.??"]
[Round "6.1"]
[White "Danner, Georg"]
[Black "Stanec, Nikolaus"]
[Result "0-1"]
[WhiteElo "2437"]
[BlackElo "2484"]
[PlyCount "78"]
[EventDate "2000.08.05"]
[Source "ChessBase"]
[SourceDate "2000.09.14"]

1. d4 Nf6 2. Nf3 g6 3. c4 Bg7 4. Nc3 O-O 5. e4 d6 6. Be2 e5 7. d5 Nbd7 8. Bg5 h6 9. Bh4 g5 10. Bg3 Nh5 11. h4 g4 12. Nd2 f5 13. exf5 Ndf6 14. Bxg4 Nxg3 15. fxg3 Nxg4 16. Qxg4 Bxf5 17. Qe2 e4 18. Qe3 Qf6 19. O-O-O Rae8 20. g4 Bxg4 21. Rdf1 Qg6 22. Rxf8+ Kxf8 23. Rf1+ Kg8 24. Ncxe4 Re5 25. Qf4 Bf5 26. Ng3 Bd3 27. h5 Qe8 28. Rd1 Qa4 29. Nb3 Re4 30. Qxe4 Bxe4 31. Nxe4 Qxa2 32. Rd3 Qxb2+ 33. Kd1 Qxg2 34. Nbd2 Qh1+ 35. Kc2 Qxh5 36. c5 Qe5 37. cxd6 cxd6 38. Rg3 Kh7 39. Rd3 a5 0-1